000 00625nam a22002417a 4500
003 OSt
005 20220924113535.0
006 a|||||r|||| 00| 0
007 ta
008 220923b |||||||| |||| 00| 0 eng d
024 _a731
037 _cGeneral Books
040 _aARTS
_cARTS
_beng
041 _2eng
_aeng
082 _aR: (Q:32), L4
100 _aGellner E
_985416
245 0 _aDevil in modern philosophy
260 _aLondon
_bRoutledge U. K.
_c1974
300 _aviii, 262p.
650 _aPHILOSOPHY
942 _hR: (Q:32), L4
_cGB
_2CC
999 _c390005
_d390005